000 01230aam a2200397 i 4500
999 _c2080
_d2080
001 019003858
003 Uk
005 20230306092101.0
007 ta
008 180419s2018 enka j 001|0 eng d
015 _aGBB8I8563
_2bnb
016 7 _a019003858
_2Uk
020 _a9781786173201 (pbk.) :
035 _a(UkOxU)021262497
035 _a(UK-WkNB)9781786173201
035 _a(StEdALDL)1/3709834
040 _aUK-WkNB
_beng
_cUK-WkNB
_dUkOxU
_duk
_dKH8
_erda
042 _aukscp
082 0 4 _a398.2 PAR
_223
245 0 0 _aMyths & legends /
_ccompiled by Vic Parker.
246 3 _aMyths and legends
264 1 _aBardfield End Green, Thaxted, Essex, UK :
_bMiles Kelly,
_c2018.
264 4 _c©2018
300 _a384 pages :
_bcolour illustrations ;
_c23 cm
336 _atext
_2rdacontent
336 _astill image
_2rdacontent
337 _aunmediated
_2rdamedia
338 _avolume
_2rdacarrier
500 _aIncludes index.
650 0 _aMythology
_vJuvenile literature.
650 0 _aMythology
_vPictorial works
_vJuvenile literature.
650 0 _aLegends
_vJuvenile literature.
650 0 _aLegends
_vPictorial works
_vJuvenile literature.
700 1 _aParker, Victoria,
_ecompiler
942 _2ddc
_cNFIC